| 000 | 00769nam a2200253 a 4500 | ||
|---|---|---|---|
| 999 |
_c2396 _d2396 |
||
| 001 | 19027 | ||
| 003 | BD-DhUAP | ||
| 005 | 20210128164112.0 | ||
| 008 | 200224r20041986nyuae b 001 0 eng d | ||
| 020 | _a9780940411122 | ||
| 040 |
_aBD-DhUAP _cBD-DhUAP _dBD-DhUAP _bEng |
||
| 082 | 0 | 0 |
_a712.091732 WAL _223 |
| 100 | _aWall, Ed. | ||
| 245 |
_aBasics Landscape Architecture : _bUrban Design / _cEd Wall and Tim Waterman. |
||
| 260 |
_aLausanne : _bAVA Academia, _c©2010. |
||
| 300 |
_a183 pages : _billustrations ; _c23 cm. |
||
| 504 | _aIncludes bibliography and index. | ||
| 650 | _aUrban landscape architecture | ||
| 650 | _aCity planning. | ||
| 700 | _aWaterman, Tim | ||
| 942 |
_2ddc _cBK |
||